[Event "DSOL 07 Liga Gr-C 1st"]
[Site "Playchess.com INT"]
[Date "2020.07.10"]
[Round "3.2"]
[White "Hardikar, Archisha"]
[Black "Iffland, Sascha"]
[Result "0-1"]
[WhiteElo "888"]
[BlackElo "1489"]
[PlyCount "98"]
[EventDate "2020.06.22"]
[EventType "team-tourn (rapid)"]
[EventCountry "GER"]
[SourceTitle "EXT 2021"]
[Source "ChessBase"]
[SourceDate "2020.10.23"]
[SourceVersion "1"]
[SourceVersionDate "2020.10.23"]
[SourceQuality "1"]
[WhiteTeam "Gern SF III"]
[BlackTeam "Bickenbach II"]
[WhiteTeamCountry "GER"]
[BlackTeamCountry "GER"]

1. e4 d5 2. exd5 Nf6 3. Nc3 g6 4. Nf3 Bg7 5. Bc4 0-0 6. 0-0 c6 7. dxc6 Nxc6 8. h3 e5 9. Re1 Qc7 10. d4 exd4 11. Nxd4 Rd8 12. Ncb5 Qb6 13. Be3 Nxd4 14. Bxd4 Qc6 15. b3 a6 16. Nc3 b5 17. Be2 Qc7 18. Bf3 Bb7 19. Be5 Rxd1 20. Bxc7 Rxa1 21. Rxa1 Bxf3 22. gxf3 Nd5 23. Nxd5 Bxa1 24. Ne7+ Kg7 25. Ba5 Bf6 26. Nd5 Rc8 27. Ne3 Bd4 28. Nd5 Rxc2 29. Nb4 Rxf2 30. Kh1 Bc3 31. Nd3 Rc2 32. Bb4 Bxb4 33. Nxb4 Rb2 34. Nxa6 Rxa2 35. Nc5 Rc2 36. b4 Rb2 37. Na6 Rb3 38. Kg2 Kf6 39. Kg3 Kg5 40. h4+ Kf5 41. Kg2 Kf4 42. Nc5 Rxf3 43. Kg1 Rh3 44. Kf2 Rxh4 45. Ke2 Ke5 46. Na6 h5 47. Kd3 Rh1 48. Nc7 Rb1 49. Kc3 Rc1+ 0-1

[Event "Karl Mala Memorial op-A 16th"]
[Site "Frankfurt"]
[Date "2013.07.13"]
[Round "5"]
[White "Roggensack, Hans Peter"]
[Black "Iffland, Sascha"]
[Result "1-0"]
[WhiteElo "1950"]
[BlackElo "1773"]
[PlyCount "47"]
[EventDate "2013.07.11"]
[EventType "swiss"]
[EventRounds "7"]
[EventCountry "GER"]
[SourceTitle "EXT 2014"]
[Source "ChessBase"]
[SourceDate "2013.11.20"]
[SourceVersion "1"]
[SourceVersionDate "2013.11.20"]
[SourceQuality "1"]

1. e4 c5 2. Nf3 d6 3. Bb5+ Bd7 4. Bxd7+ Qxd7 5. c4 g6 6. 0-0 Bg7 7. d4 cxd4 8. Nxd4 Nc6 9. Be3 Nf6 10. f3 0-0 11. Nc3 a6 12. Qd2 Rac8 13. b3 e6 14. Nde2 Rfd8 15. Bb6 Re8 16. Rad1 d5 17. cxd5 exd5 18. Nxd5 Nxd5 19. Qxd5 Qxd5 20. Rxd5 Nb4 21. Rd7 Nxa2 22. Nf4 Rc2 23. Nd5 Bf8 24. Nf6+ 1-0

[Event "Karl Mala Memorial op-A 16th"]
[Site "Frankfurt"]
[Date "2013.07.11"]
[Round "1"]
[White "Held, Carsten"]
[Black "Iffland, Sascha"]
[Result "1/2-1/2"]
[WhiteElo "2065"]
[BlackElo "1773"]
[PlyCount "52"]
[EventDate "2013.07.11"]
[EventType "swiss"]
[EventRounds "7"]
[EventCountry "GER"]
[SourceTitle "EXT 2014"]
[Source "ChessBase"]
[SourceDate "2013.11.20"]
[SourceVersion "1"]
[SourceVersionDate "2013.11.20"]
[SourceQuality "1"]

1. Nf3 d5 2. c4 e6 3. g3 Nf6 4. Bg2 c6 5. b3 Nbd7 6. Bb2 Be7 7. 0-0 0-0 8. d4 b6 9. Nc3 Bb7 10. Re1 c5 11. cxd5 Nxd5 12. Nxd5 exd5 13. Rc1 Re8 14. Rc2 Bf6 15. Bh3 Nf8 16. Ba3 cxd4 17. Nxd4 Ne6 18. Nf5 Be5 19. e3 Ng5 20. Bg2 Ne4 21. Nd4 Qd7 22. Bf3 Nf6 23. Rd2 Rac8 24. Be2 a6 25. Nf3 Bc3 26. Bb2 Bxd2 1/2-1/2